Stories of the Great Hymns of the Church (Record no. 14155)

MARC details
000 -LEADER
campo de control de longitud fija 00442ntaaa2200169 4500
003 - IDENTIFICADOR DE NÚMERO DE CONTROL
campo de control 01
005 - FECHA Y HORA DE LA ÚLTIMA TRANSACCIÓN
campo de control 20251027201937.0
008 - DATOS DE LONGITUD FIJA--INFORMACIÓN GENERAL
campo de control de longitud fija 0714s1973 ag 01
040 ## - FUENTE DE CATALOGACIÓN
Centro catalogador/agencia de origen AR-BaBN
Lengua de catalogación spa
Centro/agencia transcriptor AR-BaBN
Normas de descripción aacr
Centro/agencia modificador RIC
082 ## - NÚMERO DE LA CLASIFICACIÓN DECIMAL DEWEY
Número de clasificación 245.0000 P16
100 ## - ENTRADA PRINCIPAL--NOMBRE DE PERSONA
Nombre de persona Paine, Silas H.
9 (RLIN) 18007
245 ## - MENCIÓN DEL TÍTULO
Título Stories of the Great Hymns of the Church
250 ## - MENCION DE EDICION
Mención de edición 1 ed. :
Resto de la mención de edición Flexo Printing Company,
-- c1926
300 ## - DESCRIPCIÓN FÍSICA
Extensión 795 p.
650 ## - PUNTO DE ACCESO ADICIONAL DE MATERIA--TÉRMINO DE MATERIA
Término de materia o nombre geográfico como elemento de entrada Historia de Himnos
942 ## - ELEMENTOS DE ENTRADA SECUNDARIOS (KOHA)
Tipo de ítem Koha Colección General
Holdings
Estatus retirado Estado de pérdida Estado de daño No para préstamo Biblioteca de origen Biblioteca actual Fecha de adquisición Número de inventario Total de préstamos Signatura topográfica completa Código de barras Visto por última vez Precio de reemplazo Tipo de ítem Koha
        Biblioteca Pluis Biblioteca Pluis 27/10/2025 12056   245.0000 P16 12056 27/10/2025 27/10/2025 Colección General